Biotechnology : (Record no. 6962)
[ view plain ]
| 000 -LEADER | |
|---|---|
| fixed length control field | 00608nam a22002172 4500 |
| 001 - CONTROL NUMBER | |
| control field | 0000005272 |
| 005 - DATE AND TIME OF LATEST TRANSACTION | |
| control field | 20151217151959.0 |
| 008 - FIXED-LENGTH DATA ELEMENTS--GENERAL INFORMATION | |
| fixed length control field | 070611s xx 000 0 eng d |
| 020 ## - INTERNATIONAL STANDARD BOOK NUMBER | |
| International Standard Book Number | 0534492967 : |
| Terms of availability | KES 7,400 |
| 040 ## - CATALOGING SOURCE | |
| Original cataloging agency | KABU |
| Transcribing agency | KABU |
| 050 #0 - LIBRARY OF CONGRESS CALL NUMBER | |
| Classification number | TP248.2 |
| Item number | .B37 2005 |
| 100 1# - MAIN ENTRY--PERSONAL NAME | |
| Personal name | Barnum, Susan R. |
| -- | 0000156475 |
| 245 10 - TITLE STATEMENT | |
| Title | Biotechnology : |
| Remainder of title | an introduction. |
| 250 ## - EDITION STATEMENT | |
| Edition statement | 2nd ed. |
| 260 ## - PUBLICATION, DISTRIBUTION, ETC. (IMPRINT) | |
| Place of publication, distribution, etc. | Belmont, CA : |
| Name of publisher, distributor, etc. | Thomson Brooks, |
| Date of publication, distribution, etc. | 2005. |
| 300 ## - PHYSICAL DESCRIPTION | |
| Extent | x, 323 p. |
| 650 #0 - SUBJECT ADDED ENTRY--TOPICAL TERM | |
| Topical term or geographic name as entry element | Biotechnology. |
| -- | 0000155132 |
| 908 ## - PUT COMMAND PARAMETER (RLIN) | |
| Put command parameter | 070611 |
| 950 ## - LOCAL HOLDINGS (RLIN) | |
| -- | 1 |
| Withdrawn status | Lost status | Source of classification or shelving scheme | Not for loan | Home library | Current library | Date acquired | Total Checkouts | Total Renewals | Full call number | Barcode | Date last seen | Date last checked out | Copy number | Price effective from | Koha item type | Cost, normal purchase price |
|---|---|---|---|---|---|---|---|---|---|---|---|---|---|---|---|---|
| Library of Congress Classification | Kabarak, Main Campus | Kabarak, Main Campus | 17/12/2015 | 2 | 2 | TP248.2 .B37 2005 c. 1 | 008332 | 07/05/2024 | 11/04/2024 | c. 1 | 17/12/2015 | General Collection | ||||
| Library of Congress Classification | Kabarak, Main Campus | Kabarak, Main Campus | 19/10/2018 | TP248.2 .B37 2005 c. 2 | 022662 | 19/10/2018 | c. 2 | 19/10/2018 | General Collection | 3362.07 |